Statistics for FitnessGram 20-Meter Pacer Test Script

Click here to take the quiz!

General Stats

  • This quiz has been taken 48 times
  • The average score is 46 of 105

Answer Stats

Good Luck...% Correct
[beep]
100%
[ding]
100%
life
97%
Pacer
97%
pacer
97%
test
97%
Test
97%
the
97%
The
97%
A
94%
a
94%
FitnessGram
94%
is
91%
multistage
56%
aerobic
53%
be
50%
get
47%
that
47%
will
47%
you
47%
in
44%
On
44%
on
44%
start.
44%
capacity
41%
run
41%
this
41%
20
38%
begin
38%
ready,
38%
hear
35%
Line
35%
line,
35%
meter
35%
more
35%
difficult
32%
second
32%
sound.
32%
sound,
32%
up
32%
as
29%
it
29%
progressively
29%
gets
26%
your
26%
30
24%
at
24%
continues.
24%
mark,
24%
seconds.
24%
faster
21%
over.
21%
running
21%
to
21%
straight
18%
time
18%
each
15%
lap
15%
slowly,
15%
speed
15%
starts
15%
word
15%
and
12%
but
12%
long
12%
after
9%
before
9%
complete
9%
fail
9%
minute
9%
possible.
9%
should
9%
single
9%
completed
6%
Remember
6%
signal.
6%

Score Distribution

Percentile by Number Answered

Percent of People with Each Score

Your Score History

You have not taken this quiz